02276nam a2200253 u 45000010005000000030010000050050017000150080041000320200015000730350009000880350021000970400013001180410008001310820008001391000033001472450029001802600033002093000019002425051205002615200429014666500026018957000071019217000030019925072CO-MdUADB20260428104433.0950927s1971 spa  a8402054935 a5072 a(OCoLC)778123601 ccomduadb aspa 4a84310aRebelais, Francois4auteaut10aGargantúa y Pantagruel aMéxico :bBruguera,c1971. a893 páginas. aCONTENIDO : Presentación. -- Libro primero. -- Décima de maese Hugues Salel al autor de este libro. -- Prólogo del autor. -- I: Del origen y antigüedad del gran Pantagruel. -- II: Del nacimiento del muy temido Pantagruel. -- III: Del pesar que sintió Gargantúa a la muerte de su mujer Badebec. -- IV: De la infancia de Pantagruel. -- V: De los hechos del noble Pantagruel durante su juventud. -- VI: En el que Pantagruel encuentra a un lemosín que desfigura la lengua francesa. -- VII: De como Pantagruel vino a País, y de los hermosos libros de la librería de Saint-Victor. -- VIII: De cómo encontrándose Pantagruel en París recibió carta de su padre y la copia de la misma. -- IX: De cómo Pantagruel encontró a Panurgo, a quien amó toda su vida. -- X: De cómo Pantagruel juzgó equitativamente en una controversia maravillosamente oscura y difícil, con tanta justicia que su fallo fue considerado muy admirable. -- XI: De cómo los señores de Besaculo y Husmeavano pleitearon ante Pantagruel sin abogados. -- XII: De cómo el señor de Husmeavano informa ante Pantagruel. -- XIII: De cómo Pantagruel dictó sentencia en el pleito de los dos señores.3 aRESUMEN: Gargantúa y Pantagruel es un conjunto de cinco novelas escritas en el siglo XVI por François Rabelais, en francés. Narra la historia de dos gigantes, Gargantúa y su hijo Pantagruel, y sus aventuras, escritas de forma satírica, entretenida y extravagante. Hay gran crudeza y mucho humor escatológico, además de una buena dosis de violencia. Largas listas de insultos vulgares llenan varios capítulos.17aNovela francesa2lemb10aDoumerc, Beatriz4aut0(isni)00000000663888970(viaf)26278116eaut10aDoré, Gustave4illeill